| 000 | 00586nam a2200181Ia 4500 | ||
|---|---|---|---|
| 008 | 090630s9999 xx 000 0 und d | ||
| 082 | _b13997 | ||
| 100 | _aहरकारे अरुण. | ||
| 245 |
_aकलुषित मन. _cहरकारे अरुण. |
||
| 260 |
_bकला भारती - पुणे. _c1995 |
||
| 300 | _a171 | ||
| 600 | _aहरकारे अरुण. | ||
| 630 | _aकलुषित मन. | ||
| 655 | _aकादंबरी. | ||
| 700 | _aहरकारे अरुण. | ||
| 730 | _aकलुषित मन. | ||
| 942 | _cBOOK | ||
| 999 |
_c265853 _d265853 |
||